A Caribbean Reader on Development /
Esta colección de ensayos ha sido publicada con el objeto de contribuir en el proceso de desarrollo del Caribe, mediante el análisis de las caraterísticas sociales y económicas de la sociedad caribeña. Significa un intento por identificar los factores involucrados en el desarrollo de esa región. Alg...
Guardado en:
| Hovedforfatter: | |
|---|---|
| Andre forfattere: | , , , , , , , , |
| Format: | Texto |
| Udgivet: |
Kingston:
Friedrich Ebert Stiftung
|
| Fag: | |
| Tags: |
Tilføj Tag
Ingen Tags, Vær først til at tagge denne postø!
|
MARC
| LEADER | 00000 a a2200000 04500 | ||
|---|---|---|---|
| 001 | 13090 | ||
| 003 | |||
| 040 | |||
| 090 | |a 018700 | ||
| 100 | |a Beckford, George | ||
| 245 | |a A Caribbean Reader on Development / |c George Beckford | ||
| 260 | |a Kingston: |b Friedrich Ebert Stiftung | ||
| 300 | |a 217 p | ||
| 300 | |b **no definido** | ||
| 520 | |a Esta colección de ensayos ha sido publicada con el objeto de contribuir en el proceso de desarrollo del Caribe, mediante el análisis de las caraterísticas sociales y económicas de la sociedad caribeña. Significa un intento por identificar los factores involucrados en el desarrollo de esa región. Algunos de los temas objeto de examen son: 1- La formación y características de las sociedades del Caribe 2- Prospectos en la transformación socialista: reflexiones sobre Jamaica, Guyana y Granada 3- Desarrollo económico caribeño 4- Cambio estructural y desarrollo rural 5- Participación del pueblo en el desarrollo 6- La mujer en el cambio social y, 7- Relaciones exteriores, intervención extranjera y medios de comunicación. AB/mb | ||
| 650 | |a DESARROLLO ECONOMICO | ||
| 650 | |a DESARROLLO ECONOMICO Y SOCIAL | ||
| 650 | |a CRECIMIENTO ECONOMICO | ||
| 650 | |a SUBDESARROLLO | ||
| 650 | |a INVESTIGACION SOBRE EL DESARROLLO | ||
| 650 | |a PARTICIPACION DE LA MUJER | ||
| 650 | |a SOCIALISMO | ||
| 650 | |a SOCIEDAD | ||
| 650 | |a ESTADO | ||
| 650 | |a INTERDEPENDENCIA ECONOMICA | ||
| 650 | |a CRECIMIENTO ECONOMICO | ||
| 700 | |a Davies, Omar | ||
| 700 | |a Ford - Smith, Honor | ||
| 700 | |a Hodge, Merle | ||
| 700 | |a Lamming, George | ||
| 700 | |a Manley, Michael | ||
| 700 | |a Nettleford, Rex | ||
| 700 | |a Nurse, Lawrence | ||
| 700 | |a Stone, Carl | ||
| 700 | |a Thomas, C. Y. | ||
| 999 | |c 12633 |d 12633 | ||
